| Tag |
First Indicator |
Second Indicator |
Subfields |
| LEADER |
00000cam a2200000Ia 4500 |
| 001 |
in00002231221 |
| 005 |
20151104182429.0 |
| 008 |
070322s2007 be a b 100 0 eng d |
| 020 |
|
|
|a 9789066057395
|
| 020 |
|
|
|a 9066057394
|
| 035 |
|
|
|a (OCoLC)ocm86107254
|
| 035 |
|
|
|a (OCoLC)86107254
|
| 040 |
|
|
|a LHL
|c LHL
|d TXA
|d UtOrBLW
|
| 049 |
|
|
|a TXAM
|
| 090 |
|
|
|a SB320.2
|b .B34 2004
|
| 111 |
2 |
|
|a Balkan Symposium on Vegetables and Potatoes
|n (3rd :
|d 2004 :
|c Bursa, Turkey)
|
| 245 |
1 |
0 |
|a Proceedings of the IIIrd Balkan Symposium on Vegetables and Potatoes :
|b Bursa, Turkey, September 6-10, 2004 /
|c convener, H.Ö. Sivritepe ; Uludag University, Faculty of Agriculture [and others].
|
| 246 |
1 |
8 |
|a Third Balkan Symposium on Vegetables and Potatoes
|
| 246 |
3 |
|
|a 3rd Balkan Symposium on Vegetables and Potatoes
|
| 264 |
|
1 |
|a Leuven, Belgium :
|b ISHS,
|c [2007]
|
| 264 |
|
4 |
|c ©2007
|
| 300 |
|
|
|a 521 pages :
|b illustrations ;
|c 24 cm.
|
| 336 |
|
|
|a text
|b txt
|2 rdacontent
|
| 337 |
|
|
|a unmediated
|b n
|2 rdamedia
|
| 338 |
|
|
|a volume
|b nc
|2 rdacarrier
|
| 490 |
1 |
|
|a Acta horticulturae,
|x 0567-7572 ;
|v 729
|
| 504 |
|
|
|a Includes bibliographical references and author index.
|
| 650 |
|
0 |
|a Vegetables
|z Balkan Peninsula
|v Congresses.
|
| 650 |
|
0 |
|a Vegetables
|v Congresses.
|
| 650 |
|
0 |
|a Potatoes
|z Balkan Peninsula
|v Congresses.
|
| 650 |
|
0 |
|a Potatoes
|v Congresses.
|
| 650 |
|
0 |
|a Agriculture
|z Balkan Peninsula
|v Congresses.
|
| 700 |
1 |
|
|
| 710 |
2 |
|
|a Uludağ Üniversitesi.
|b Faculty of Agriculture.
|
| 710 |
2 |
|
|a International Society for Horticultural Science.
|b Section Vegetables.
|
| 830 |
|
0 |
|a Acta horticulturae ;
|v no. 579.
|
| 948 |
|
|
|a cataloged
|b h
|c 2007/4/18
|d c
|e bwalker
|f 2:06:09 pm
|
| 994 |
|
|
|a C0
|b TXA
|
| 999 |
|
|
|a MARS
|
| 999 |
f |
f |
|s 708c83a8-3d6a-3dcd-b9bb-5e3af2c2ba3b
|i 91a61596-2f80-324c-a0c5-51f0b4ae5e19
|t 0
|
| 952 |
f |
f |
|p ric
|a Texas A&M University
|b Rellis Campus
|c Joint Library Facility
|d Remote Storage
|t 0
|e SB320.2 .B34 2004
|h Library of Congress classification
|i unmediated -- volume
|m A14835848367
|
| 998 |
f |
f |
|a SB320.2 .B34 2004
|t 0
|l Remote Storage
|